Normal view
MARC view
Entry Personal Name
001 - CONTROL NUMBER
- control field: 1235757
003 - CONTROL NUMBER IDENTIFIER
- control field: OSt
005 - DATE AND TIME OF LATEST TRANSACTION
- control field: 20260427121159.0
008 - FIXED-LENGTH DATA ELEMENTS
- fixed length control field: 260427|| aca||aabn | a|a d
040 ## - CATALOGING SOURCE
- Original cataloging agency: OSt
- Transcribing agency: OSt
100 ## - HEADING--PERSONAL NAME
- Personal name: Blair, Roger D
670 ## - SOURCE DATA FOUND
- Source citation: Work cat.: (OSt)1680201: Alderman, Brianna L. 1116593, Monosony in labor markets: Theory, evidence, and public policy, 2024
